000 00445nam a2200181Ia 4500
005 20250423100430.0
008 250422s9999 xx 000 0 und d
020 _a9781555630751
050 _aTN 880 .P67/
100 _aPoston, Steven W.
245 0 _aOverpressured gas reservoirs
260 _aUnited state
260 _bSociety of petroleum engineers
260 _c1997
300 _a138 p
650 _aGas reservoirs.
942 _cBK
999 _c33289
_d33289